[Event "SCO-ch op 128th"]
[Site "Dunfermline"]
[Date "2023.07.08"]
[Round "2"]
[White "Roul, Tushar"]
[Black "Jennings, Richard"]
[Result "0-1"]
[WhiteElo "1545"]
[BlackElo "1828"]
[PlyCount "108"]
[EventDate "2023.07.07"]
[EventType "swiss"]
[EventRounds "5"]
[EventCountry "SCO"]
[SourceTitle "CBM 215 Extra"]
[Source "ChessBase"]
[SourceDate "2023.09.30"]
[SourceVersion "1"]
[SourceVersionDate "2023.09.30"]
[SourceQuality "1"]

1. e4 c5 2. Nf3 Nc6 3. Bb5 g6 4. Bxc6 dxc6 5. c3 Qd3 6. Qe2 Qxe2+ 7. Kxe2 Nf6 8. d3 c4 9. Nbd2 cxd3+ 10. Kxd3 Bg7 11. Re1 0-0 12. Nd4 c5 13. N4b3 b6 14. f3 a5 15. a4 Nd7 16. Kc2 Ba6 17. Nf1 Ne5 18. Rd1 Be2 19. Bf4 Bxd1+ 20. Rxd1 Rfd8 21. Rxd8+ Rxd8 22. Bxe5 Bxe5 23. Nbd2 f6 24. Nc4 Bc7 25. Nfe3 e6 26. Na3 Bxh2 27. Ng4 Bf4 28. Nc4 h5 29. Nxf6+ Kf7 30. e5 Bxe5 31. Nxe5+ Kxf6 32. Nc4 Rb8 33. Kb3 Kf5 34. g3 g5 35. Nd6+ Ke5 36. Nc4+ Kd5 37. Ne3+ Kc6 38. Nc4 h4 39. Ne5+ Kc7 40. gxh4 gxh4 41. Ng4 Rg8 42. Kc4 Rxg4+ 43. fxg4 h3 44. g5 h2 45. g6 h1Q 46. g7 Qd5+ 47. Kb5 c4+ 48. Ka6 Qg5 49. b4 cxb3 50. c4 Qxg7 51. c5 bxc5 52. Ka7 Qd7 53. Ka6 Qc6+ 54. Kxa5 Qb6# 0-1

[Event "Hastings Masters op 95th"]
[Site "Hastings"]
[Date "2019.12.31"]
[Round "4"]
[White "Jennings, Richard"]
[Black "Verma, Shlok"]
[Result "1/2-1/2"]
[WhiteElo "1903"]
[BlackElo "1691"]
[PlyCount "101"]
[EventDate "2019.12.28"]
[EventType "swiss"]
[EventRounds "9"]
[EventCountry "ENG"]
[SourceTitle "CBM 194 Extra"]
[Source "ChessBase"]
[SourceDate "2020.03.31"]
[SourceVersion "1"]
[SourceVersionDate "2020.03.31"]
[SourceQuality "1"]

1. d4 d5 2. Nf3 Nf6 3. Bf4 Bf5 4. Nh4 Bd7 5. e3 e6 6. Nd2 c5 7. c3 Nc6 8. Bd3 h6 9. Bg3 Be7 10. f4 Ne4 11. Nhf3 Nxg3 12. hxg3 Qc7 13. e4 0-0-0 14. Bb5 g5 15. Bxc6 Bxc6 16. e5 Rdg8 17. 0-0 g4 18. Ne1 h5 19. Nd3 Bb5 20. Qe2 h4 21. Qe3 hxg3 22. a4 Bxd3 23. Qxd3 Rh6 24. Qxg3 Bh4 25. Qe3 g3 26. Rfc1 Rgh8 27. b4 Be7 28. Kf1 Rh1+ 29. Ke2 Rxc1 30. Rxc1 cxb4 31. Nb3 Qc4+ 32. Kf3 Kb8 33. cxb4 Qxb4 34. Qc3 Qxc3+ 35. Rxc3 Rh1 36. Kxg3 Bb4 37. Rc1 Rxc1 38. Nxc1 Bc3 39. Nb3 a5 40. Kf3 b5 41. Ke3 bxa4 42. Nc1 Bb2 43. Na2 Kb7 44. g4 Kb6 45. Kd3 Ba3 46. Nc3 Bc1 47. f5 a3 48. Kc2 Be3 49. Kd3 Bc1 50. Kc2 Be3 51. Kd3 1/2-1/2

[Event "SCO-ch 126th"]
[Site "Edinburgh"]
[Date "2019.07.10"]
[Round "5"]
[White "Fowler, Hugo"]
[Black "Jennings, Richard"]
[Result "1-0"]
[WhiteElo "1794"]
[BlackElo "1904"]
[PlyCount "119"]
[EventDate "2019.07.06"]
[EventType "swiss"]
[EventRounds "9"]
[EventCountry "SCO"]
[SourceTitle "CBM 191 Extra"]
[Source "ChessBase"]
[SourceDate "2019.09.30"]
[SourceVersion "1"]
[SourceVersionDate "2019.09.30"]
[SourceQuality "1"]

1. e4 d6 2. d4 Nf6 3. Nc3 e5 4. dxe5 dxe5 5. Qxd8+ Kxd8 6. Bc4 Ke8 7. Nf3 Nbd7 8. Ng5 Bb4 9. f3 h6 10. Nh3 Nb6 11. Bb3 Bxh3 12. gxh3 c5 13. a3 Bxc3+ 14. bxc3 c4 15. Ba2 Rc8 16. Rb1 Rc7 17. Rb4 Nfd7 18. Be3 Rc6 19. a4 a5 20. Rb5 f6 21. Rxa5 Ke7 22. Ke2 Nc8 23. Rd1 Nd6 24. Rad5 Ra8 25. Bxc4 Rxc4 26. Rxd6 Nf8 27. Rb6 Rc7 28. Rdb1 Rxa4 29. Rxb7 Rac4 30. Rxc7+ Rxc7 31. Kd3 Ne6 32. c4 Kd7 33. Rb6 Rc8 34. Kc3 Ra8 35. Rb7+ Ke8 36. c5 Ra3+ 37. Rb3 Ra4 38. Kd3 Kd7 39. Rb7+ Nc7 40. Rb8 Ra3+ 41. Rb3 Ra1 42. Rb2 Ra3+ 43. c3 Ra4 44. f4 exf4 45. Bxf4 Ne6 46. Bd6 Ra7 47. h4 Ra8 48. Kc4 Nc7 49. Rb7 Rc8 50. Rxc7+ Rxc7 51. Bxc7 Kxc7 52. h5 Kc6 53. Kd4 Kc7 54. Kd5 Kd7 55. c6+ Kc7 56. Kc5 Kc8 57. Kd6 Kd8 58. c7+ Kc8 59. c4 Kb7 60. Kd7 1-0

[Event "Perth Congress"]
[Site "Perth"]
[Date "2017.02.19"]
[Round "5"]
[White "Abdulla, Murad"]
[Black "Jennings, Richard"]
[Result "1-0"]
[WhiteElo "2126"]
[BlackElo "1863"]
[PlyCount "59"]
[EventDate "2017.02.17"]
[EventType "swiss"]
[EventRounds "5"]
[EventCountry "SCO"]
[SourceTitle "CBM 176 Extra"]
[Source "ChessBase"]
[SourceDate "2017.03.02"]
[SourceVersion "1"]
[SourceVersionDate "2017.03.02"]
[SourceQuality "1"]

1. e4 d6 2. d4 Nf6 3. Nc3 Nbd7 4. g3 e5 5. Bg2 c6 6. a4 a5 7. Nge2 Be7 8. h3 Qc7 9. Be3 Nf8 10. Qd2 h6 11. f4 N6h7 12. 0-0-0 Bf6 13. Rhf1 Bd7 14. Kb1 Ng6 15. Nc1 exf4 16. gxf4 Nh4 17. Rfe1 0-0-0 18. e5 Be7 19. d5 Nxg2 20. Qxg2 g5 21. dxc6 Bxc6 22. Qf2 Rd7 23. Bb6 Qb8 24. Nd5 dxe5 25. Ba7 Bxd5 26. Bxb8 Kxb8 27. Rxe5 Rhd8 28. Rdxd5 Rxd5 29. Rxe7 Nf6 30. Qb6 1-0

[Event "Perth Congress"]
[Site "Perth"]
[Date "2017.02.18"]
[Round "3"]
[White "Jennings, Richard"]
[Black "Koehn, Lennart"]
[Result "1/2-1/2"]
[WhiteElo "1863"]
[BlackElo "2006"]
[PlyCount "77"]
[EventDate "2017.02.17"]
[EventType "swiss"]
[EventRounds "5"]
[EventCountry "SCO"]
[SourceTitle "CBM 176 Extra"]
[Source "ChessBase"]
[SourceDate "2017.03.02"]
[SourceVersion "1"]
[SourceVersionDate "2017.03.02"]
[SourceQuality "1"]

1. d4 Nf6 2. Bg5 e6 3. e4 h6 4. Bxf6 Qxf6 5. Nc3 d6 6. g3 c6 7. f4 e5 8. Nce2 Nd7 9. Nf3 g5 10. dxe5 dxe5 11. f5 b6 12. Nc1 Nc5 13. Nd2 Ba6 14. Bxa6 Nxa6 15. Ncb3 Nc5 16. Qe2 h5 17. 0-0-0 0-0-0 18. Nxc5 Bxc5 19. Nb3 Bd6 20. c4 g4 21. c5 Bc7 22. Kb1 Rxd1+ 23. Rxd1 Rd8 24. Rc1 Kb7 25. a4 Qe7 26. Qe3 Qd7 27. Rc3 Qd1+ 28. Qc1 Rd3 29. Rxd3 Qxd3+ 30. Qc2 Qf1+ 31. Ka2 Qa6 32. Ka3 Qf1 33. Ka2 Qf3 34. Kb1 Qe3 35. Ka2 Qe1 36. Ka3 h4 37. gxh4 Qxh4 38. Qd2 Qh3 39. Ka2 1/2-1/2

[Event "London Classic op 8th"]
[Site "London"]
[Date "2016.12.16"]
[Round "9"]
[White "Jennings, Richard"]
[Black "Roebuck, Derek"]
[Result "1-0"]
[WhiteElo "1879"]
[BlackElo "1653"]
[PlyCount "69"]
[EventDate "2016.12.09"]
[EventType "swiss"]
[EventRounds "9"]
[EventCountry "ENG"]
[SourceTitle "CBM 176 Extra"]
[Source "ChessBase"]
[SourceDate "2017.03.02"]
[SourceVersion "1"]
[SourceVersionDate "2017.03.02"]
[SourceQuality "1"]

1. c4 e5 2. Nc3 Nc6 3. Nf3 f5 4. d4 e4 5. Ng5 Bb4 6. g3 Qf6 7. a3 Bxc3+ 8. bxc3 d6 9. Bg2 Nge7 10. 0-0 h6 11. Nh3 Bd7 12. f3 exf3 13. Bxf3 Qf7 14. Qd3 0-0 15. Nf4 Kh8 16. Rb1 Rab8 17. Rb2 b6 18. e3 Nd8 19. Rbf2 c6 20. e4 g5 21. Bh5 Qg7 22. Ng2 Nb7 23. Qf3 Kg8 24. Re1 fxe4 25. Qxe4 Rxf2 26. Kxf2 Nf5 27. g4 Nh4 28. Nxh4 gxh4 29. Qe7 Rf8+ 30. Kg2 Bc8 31. Qxh4 Qh7 32. Qe7 Qc2+ 33. Qe2 Qxc3 34. Bxh6 Rd8 35. Bg6 1-0

[Event "London Classic op 8th"]
[Site "London"]
[Date "2016.12.13"]
[Round "6"]
[White "Ignatovic, Ernest"]
[Black "Jennings, Richard"]
[Result "0-1"]
[WhiteElo "1630"]
[BlackElo "1879"]
[PlyCount "94"]
[EventDate "2016.12.09"]
[EventType "swiss"]
[EventRounds "9"]
[EventCountry "ENG"]
[SourceTitle "CBM 176 Extra"]
[Source "ChessBase"]
[SourceDate "2017.03.02"]
[SourceVersion "1"]
[SourceVersionDate "2017.03.02"]
[SourceQuality "1"]

1. d4 d5 2. Nf3 Nf6 3. g3 e6 4. Bg2 c5 5. 0-0 Nc6 6. c4 dxc4 7. Qa4 Bd7 8. Qxc4 b5 9. Qd3 c4 10. Qd1 Be7 11. Ne5 Rc8 12. a4 a6 13. axb5 axb5 14. Ra6 Nb4 15. Ra7 Qb6 16. Rb7 Qa6 17. Nc3 Nbd5 18. Nxd5 exd5 19. Bxd5 Nxd5 20. Rxd7 Nf6 21. Rxe7+ Kxe7 22. e4 Rhd8 23. d5 Kf8 24. Qf3 Re8 25. Bf4 Qb6 26. g4 Qb7 27. g5 Nd7 28. Nc6 Rxc6 29. dxc6 Qxc6 30. Re1 Nc5 31. Qh3 Nd3 32. Qxh7 Nxe1 33. Qh8+ Ke7 34. Qxg7 Nd3 35. Qd4 Nxf4 36. Qe5+ Ne6 37. Qf6+ Kd7 38. Qxf7+ Re7 39. Qf5 Kc7 40. e5 Nd4 41. Qf8 Nf3+ 42. Kf1 Nxh2+ 43. Kg1 Nf3+ 44. Kf1 Rxe5 45. Qa3 Re1+ 46. Kg2 Rg1+ 47. Kh3 Qe6# 0-1

[Event "Crawley e2e4 Gatwick Challenger op 10"]
[Site "Crawley"]
[Date "2016.10.29"]
[Round "6"]
[White "Jennings, Richard"]
[Black "Wall, Tim"]
[Result "1/2-1/2"]
[WhiteElo "1924"]
[BlackElo "2183"]
[PlyCount "136"]
[EventDate "2016.10.26"]
[EventType "swiss"]
[EventRounds "9"]
[EventCountry "ENG"]
[SourceTitle "EXT 2019"]
[Source "ChessBase"]
[SourceDate "2018.10.10"]
[SourceVersion "1"]
[SourceVersionDate "2018.10.10"]
[SourceQuality "1"]

1. c4 e5 2. Nc3 Bb4 3. Nd5 Bc5 4. e3 c6 5. Nc3 d5 6. d4 exd4 7. exd4 Be7 8. cxd5 cxd5 9. Qb3 Nf6 10. Bg5 0-0 11. Nf3 Nc6 12. Be2 h6 13. Bxf6 Bxf6 14. Rd1 Bg4 15. Qxb7 Bxf3 16. Qxc6 Rc8 17. Qa6 Bxg2 18. Rg1 Be4 19. Qxa7 Re8 20. Kf1 Bh4 21. Nxe4 Rxe4 22. Qa6 Rf4 23. Rg2 Ra8 24. Qd3 Rxa2 25. Qb1 Ra4 26. Qc1 Bg5 27. Qc5 Ra5 28. Qc3 Bf6 29. Rg4 Rxg4 30. Bxg4 Ra8 31. Qc6 Rb8 32. Qc3 g6 33. Bf3 Qd6 34. Kg1 Qf4 35. Qe3 Qf5 36. b3 h5 37. Qd3 Qf4 38. Bxd5 Qg5+ 39. Qg3 Qxg3+ 40. hxg3 Rd8 41. Bc4 Bxd4 42. Kg2 Kg7 43. Kf3 f5 44. b4 Kf6 45. b5 g5 46. b6 Bxb6 47. Rxd8 Bxd8 48. Bb5 g4+ 49. Kg2 Ke5 50. f3 Kf6 51. fxg4 hxg4 52. Bd7 Bc7 53. Bc8 Ke5 54. Bd7 Ke4 55. Bc8 Ba5 56. Bd7 Be1 57. Bc8 Ke5 58. Bd7 Kf6 59. Bc8 Kg5 60. Bd7 Bxg3 61. Bxf5 Kxf5 62. Kxg3 Kg5 63. Kg2 Kf4 64. Kf2 g3+ 65. Kg2 Kg4 66. Kg1 Kf3 67. Kf1 g2+ 68. Kg1 Kg3 1/2-1/2

[Event "Crawley e2e4 Gatwick Challenger op 10"]
[Site "Crawley"]
[Date "2016.10.27"]
[Round "2"]
[White "Rowan, Daniel"]
[Black "Jennings, Richard"]
[Result "0-1"]
[WhiteElo "1818"]
[BlackElo "1924"]
[PlyCount "75"]
[EventDate "2016.10.26"]
[EventType "swiss"]
[EventRounds "9"]
[EventCountry "ENG"]
[SourceTitle "EXT 2019"]
[Source "ChessBase"]
[SourceDate "2018.10.10"]
[SourceVersion "1"]
[SourceVersionDate "2018.10.10"]
[SourceQuality "1"]

1. Nf3 d5 2. d4 c5 3. g3 Nc6 4. Bg2 Nf6 5. 0-0 e6 6. Bf4 Qb6 7. Nbd2 cxd4 8. Nb3 Be7 9. Nbxd4 0-0 10. c4 Rd8 11. Nxc6 bxc6 12. Qc2 Ba6 13. b3 Ne4 14. Ne5 f5 15. Bxe4 fxe4 16. Kg2 Bf6 17. h4 Bb7 18. c5 Qb5 19. a4 Qb4 20. Rad1 d4 21. Qxe4 Qxc5 22. Rc1 Qb6 23. f3 c5 24. Qc2 Rac8 25. Nc4 Qa6 26. h5 Bd5 27. h6 Qb7 28. Be5 Bxc4 29. Qxc4 Qd5 30. Bxf6 gxf6 31. Qa6 Rc7 32. Rh1 Qxb3 33. Rb1 Qe3 34. Rh4 f5 35. Rbh1 d3 36. exd3 Rxd3 37. Qc4 Qxf3+ 38. Kg1 0-1

[Event "Dundee & Angus op"]
[Site "Dundee"]
[Date "2016.10.09"]
[Round "5"]
[White "Irving, Neil"]
[Black "Jennings, Richard"]
[Result "0-1"]
[WhiteElo "1845"]
[BlackElo "1894"]
[PlyCount "100"]
[EventDate "2016.10.07"]
[EventType "swiss"]
[EventRounds "5"]
[EventCountry "SCO"]
[SourceTitle "EXT 2023"]
[Source "ChessBase"]
[SourceDate "2022.10.05"]
[SourceVersion "1"]
[SourceVersionDate "2022.10.05"]
[SourceQuality "1"]

1. Nf3 d5 2. c4 e6 3. g3 Nf6 4. Bg2 d4 5. 0-0 Nc6 6. e3 e5 7. exd4 exd4 8. d3 Be7 9. a3 a5 10. b3 0-0 11. Bb2 h6 12. Nbd2 Be6 13. Re1 Qd7 14. Ne4 Rad8 15. Qc2 Nh5 16. Ned2 f5 17. Ne5 Nxe5 18. Rxe5 Bf6 19. Rxa5 c6 20. Re1 Rde8 21. Qd1 g6 22. Rae5 Bxe5 23. Rxe5 Bf7 24. Nf3 Rxe5 25. Nxe5 Qd6 26. f4 Nf6 27. b4 c5 28. bxc5 Qxc5 29. Qb3 b6 30. a4 Re8 31. Ba3 Qc7 32. Qb5 Ng4 33. Nxg4 fxg4 34. Kf2 Qd8 35. Qc6 Re6 36. Qb5 Qe8 37. Qxe8+ Rxe8 38. Bb2 Rd8 39. Bc6 Be6 40. Ke2 Rd6 41. Be4 Kf7 42. Kd2 Kf6 43. Ba3 Rd8 44. Bb2 g5 45. fxg5+ Kxg5 46. Kc2 Kf6 47. Bc1 Bd7 48. Bxh6 Bxa4+ 49. Kb2 Rh8 50. Bf4 Rxh2+ 0-1

[Event "WchT Seniors 50"]
[Site "Radebeul"]
[Date "2016.07.04"]
[Round "9.7"]
[White "Jennings, Richard"]
[Black "Olafsson, Fridrik"]
[Result "0-1"]
[WhiteElo "1855"]
[BlackElo "2377"]
[PlyCount "54"]
[EventDate "2016.06.26"]
[EventType "team-swiss"]
[EventRounds "9"]
[EventCountry "GER"]
[SourceTitle "CBM 173 Extra"]
[Source "ChessBase"]
[SourceDate "2016.08.29"]
[SourceVersion "1"]
[SourceVersionDate "2016.08.29"]
[SourceQuality "1"]
[WhiteTeam "Scotland"]
[BlackTeam "Iceland"]
[WhiteTeamCountry "SCO"]
[BlackTeamCountry "ISL"]

1. c4 f5 2. Nc3 Nf6 3. g3 e5 4. d3 Bb4 5. Bg2 0-0 6. e4 Bxc3+ 7. bxc3 fxe4 8. dxe4 d6 9. Rb1 b6 10. f4 Nbd7 11. g4 Bb7 12. Nh3 Nxe4 13. Ng5 Ndc5 14. 0-0 exf4 15. Nxe4 Nxe4 16. Re1 f3 17. Bxf3 Nxc3 18. Bxb7 Nxd1 19. Rxd1 Qh4 20. Bd5+ Kh8 21. Bf4 Qxg4+ 22. Bg3 Rae8 23. Kh1 Rf5 24. Re1 Re2 25. Rf1 h5 26. Rbe1 Rxd5 27. cxd5 Qe4+ 0-1

[Event "WchT Seniors 50"]
[Site "Radebeul"]
[Date "2016.07.03"]
[Round "8.8"]
[White "Weiss, Matthias"]
[Black "Jennings, Richard"]
[Result "1-0"]
[WhiteElo "2043"]
[BlackElo "1855"]
[PlyCount "123"]
[EventDate "2016.06.26"]
[EventType "team-swiss"]
[EventRounds "9"]
[EventCountry "GER"]
[SourceTitle "CBM 173 Extra"]
[Source "ChessBase"]
[SourceDate "2016.08.29"]
[SourceVersion "1"]
[SourceVersionDate "2016.08.29"]
[SourceQuality "1"]
[WhiteTeam "Offenbach"]
[BlackTeam "Scotland"]
[WhiteTeamCountry "GER"]
[BlackTeamCountry "SCO"]

1. e4 e6 2. d4 d5 3. Nd2 a6 4. Bd3 c5 5. dxc5 Bxc5 6. exd5 exd5 7. Nb3 Ba7 8. Nf3 Nf6 9. Qe2+ Qe7 10. Qxe7+ Kxe7 11. 0-0 Nc6 12. Re1+ Be6 13. c3 Rae8 14. Be3 Bb8 15. Nc5 Bc8 16. Nd4 Nxd4 17. Bxd4+ Kd6 18. b4 h5 19. a4 Rxe1+ 20. Rxe1 Re8 21. Rxe8 Nxe8 22. f4 Bc7 23. a5 Kc6 24. Bc2 b6 25. axb6 Kxb6 26. Ne6+ Kb7 27. Nxc7 Kxc7 28. Be5+ Kd8 29. Kf2 Bb7 30. g3 g6 31. Ke3 Nc7 32. Bxc7+ Kxc7 33. Kd4 Kd6 34. Bd3 Bc8 35. Be2 f6 36. Bd3 g5 37. fxg5 fxg5 38. h4 gxh4 39. gxh4 Kc6 40. Ke5 a5 41. bxa5 Bg4 42. Kd4 Bd1 43. Bf1 Bg4 44. Ba6 Bd1 45. Bd3 Bf3 46. Bf1 Bd1 47. Bg2 Kb5 48. Bxd5 Kxa5 49. Kc5 Be2 50. Bb7 Ka4 51. Bd5 Ka3 52. Bc4 Bg4 53. Kd4 Kb2 54. Bd5 Kc2 55. c4 Kd2 56. c5 Ke2 57. Ke4 Bf3+ 58. Ke5 Bg4 59. c6 Kf2 60. Kf4 Kg1 61. Kg3 Bc8 62. Bf3 1-0

[Event "WchT Seniors 50"]
[Site "Radebeul"]
[Date "2016.07.02"]
[Round "7.12"]
[White "Jennings, Richard"]
[Black "Domaske, Andreas"]
[Result "1-0"]
[WhiteElo "1855"]
[BlackElo "1946"]
[PlyCount "141"]
[EventDate "2016.06.26"]
[EventType "team-swiss"]
[EventRounds "9"]
[EventCountry "GER"]
[SourceTitle "CBM 173 Extra"]
[Source "ChessBase"]
[SourceDate "2016.08.29"]
[SourceVersion "1"]
[SourceVersionDate "2016.08.29"]
[SourceQuality "1"]
[WhiteTeam "Scotland"]
[BlackTeam "Sachsen Anhalt"]
[WhiteTeamCountry "SCO"]
[BlackTeamCountry "GER"]

1. c4 c5 2. Nc3 Nc6 3. d3 Nf6 4. g3 d5 5. cxd5 Nxd5 6. Bg2 Nxc3 7. bxc3 g6 8. Be3 Bg7 9. Qd2 Qa5 10. Rc1 Be6 11. Nf3 0-0 12. 0-0 Rad8 13. Bh6 Qc7 14. Bxg7 Kxg7 15. Ng5 Bc8 16. Qb2 e5 17. d4 f6 18. Nf3 Qb6 19. Qxb6 axb6 20. dxe5 Nxe5 21. Nxe5 fxe5 22. Rfd1 Bg4 23. Kf1 Be6 24. a3 Rxd1+ 25. Rxd1 Ra8 26. Ra1 Rd8 27. Ke1 Bb3 28. Bxb7 c4 29. Be4 Rd7 30. h4 h5 31. e3 Kf6 32. Ke2 g5 33. hxg5+ Kxg5 34. f4+ exf4 35. gxf4+ Kf6 36. Rg1 Ra7 37. Ra1 Rg7 38. Rh1 Rd7 39. Rg1 Ra7 40. Ra1 Rg7 41. a4 Ra7 42. Bc6 Rc7 43. Be8 h4 44. a5 bxa5 45. Rxa5 Rg7 46. Bc6 Rg1 47. Kf2 Rc1 48. Rh5 Rc2+ 49. Kf3 Rh2 50. Ke4 h3 51. Rh6+ Kg7 52. Rh4 Rc2 53. Kd4 h2 54. e4 Rd2+ 55. Kc5 Bd1 56. e5 Bb3 57. Be4 Re2 58. Bd5 Rf2 59. Kd6 Ba4 60. f5 Rxf5 61. Rxh2 Be8 62. Rg2+ Kh6 63. Bxc4 Rf3 64. Rc2 Bg6 65. Rc1 Kg7 66. Bd5 Rd3 67. c4 Ra3 68. e6 Ra6+ 69. Ke5 Kf8 70. Kf6 Bf7 71. Rb1 1-0

[Event "Crawley e2e4 Gatwick op U2050"]
[Site "Crawley"]
[Date "2016.05.30"]
[Round "7"]
[White "Porter, Sam J"]
[Black "Jennings, Richard"]
[Result "0-1"]
[WhiteElo "1991"]
[BlackElo "1855"]
[PlyCount "120"]
[EventDate "2016.05.27"]
[EventType "swiss"]
[EventRounds "7"]
[EventCountry "ENG"]
[SourceTitle "EXT 2019"]
[Source "ChessBase"]
[SourceDate "2018.10.10"]
[SourceVersion "1"]
[SourceVersionDate "2018.10.10"]
[SourceQuality "1"]

1. e4 e6 2. Nf3 d5 3. e5 c5 4. b4 cxb4 5. a3 Bd7 6. d4 Nc6 7. axb4 Bxb4+ 8. c3 Ba5 9. Bd3 Nge7 10. 0-0 h6 11. Nh4 g5 12. Nf3 Qc7 13. Ba3 Rc8 14. h4 g4 15. Nh2 h5 16. g3 Nf5 17. Qc1 Qd8 18. Qf4 Nce7 19. Rc1 Ng6 20. Qd2 Nxd4 21. Bxg6 Nb3 22. Qd3 Nxa1 23. Nd2 Bxc3 24. Rxc3 Rxc3 25. Bxf7+ Kxf7 26. Qxc3 Qb6 27. Qxa1 Rc8 28. Qd1 Rc3 29. Ne4 Rxa3 30. Nd6+ Ke7 31. Qc1 Rxg3+ 32. Kh1 Re3 33. fxe3 Kd8 34. Nf1 Bc6 35. Ng3 Qc7 36. Qf1 Qe7 37. Qf6 d4+ 38. e4 d3 39. Nf1 Qxf6 40. exf6 Kd7 41. f7 Ke7 42. Kg1 e5 43. Kf2 Ba4 44. Ng3 d2 45. Ngf5+ Kf8 46. Ne3 d1Q 47. Nxd1 Bxd1 48. Nxb7 Kxf7 49. Nd6+ Kg7 50. Nf5+ Kg6 51. Ke3 a5 52. Kd3 Bb3 53. Kc3 Be6 54. Ng3 Bf7 55. Nf5 Kf6 56. Ng3 Ke7 57. Nf5+ Kd7 58. Kb2 Kc6 59. Kc3 Kc5 60. Ng7 g3 0-1